000
00367pam a2200109a 44500
008
230405s1900 xxu||||| |||| 00| 0 eng d
041
_a
MAR
100
_a
डॉ महाजन मुंकुद आणि पवार सा
245
_a
अर्थशास्त्र 11 वी
260
_a
_b
नरेंद्र प्रकाशन
_c
1900
906
_a
7128
999
_c
298471
_d
298471